MARC details
| 000 -CABECERA |
| campo de control de longitud fija |
00990nam a2200193 a 4500 |
| 001 - NÚMERO DE CONTROL |
| campo de control |
000048587 |
| 005 - FECHA Y HORA DE LA ÚLTIMA TRANSACCIÓN |
| campo de control |
20201002061246.0 |
| 008 - DATOS DE LONGITUD FIJA--INFORMACIÓN GENERAL |
| campo de control de longitud fija |
190401s2014 dr abd 000 m spa d |
| 040 ## - FUENTE DE LA CATALOGACIÓN |
| Centro catalogador/agencia de origen |
DO-SdBNP |
| Lengua de catalogación |
spa |
| Centro/agencia transcriptor |
BNPHU |
| 082 ## - NÚMERO DE LA CLASIFICACIÓN DECIMAL DEWEY |
| Número de clasificación |
xxxx |
| Número de documento/Ítem |
A837c |
| 245 00 - MENCIÓN DE TÍTULO |
| Título |
Cartografía de las defensas públicas de América / |
| Mención de responsabilidad, etc. |
coordinadora general Laura Hernández Román ; presentación Juan Manuel Pellerano Gómez. |
| 260 ## - PUBLICACIÓN, DISTRIBUCIÓN, ETC. |
| Lugar de publicación, distribución, etc. |
Santo Domingo : |
| Nombre del editor, distribuidor, etc. |
AIDEF : Fundación Pellerano & Herrera, |
| Fecha de publicación, distribución, etc. |
2014. |
| 300 ## - DESCRIPCIÓN FÍSICA |
| Extensión |
158 p. : |
| Otras características físicas |
il., mapas, gráficas ; |
| Dimensiones |
28 cm. |
| 505 0# - NOTA DE CONTENIDO CON FORMATO |
| Nota de contenido con formato |
Parametros de medición de las defensas públicas . Aspectos más importantes -- |
| Título |
Parametros de medición de las defensas públicas . Compilación -- |
| -- |
Defensas públicas de América --. |
| 590 ## - NOTA LOCAL (RLIN) |
| Nota local |
Inventariado, 2019/LP |
| 710 2# - PUNTO DE ACCESO ADICIONAL--NOMBRE DE ENTIDAD CORPORATIVA |
| Nombre de entidad corporativa o nombre de jurisdicción como elemento de entrada |
Asociación Interamericana de Defensorías Públicas (AIDEF), República Dominicana |
| 9 (RLIN) |
76040 |
| 700 1# - PUNTO DE ACCESO ADICIONAL--NOMBRE DE PERSONA |
| Nombre de persona |
Pellerano Gómez, Juan Manuel, |
| Término indicativo de función/relación |
present. |
| 9 (RLIN) |
7065 |
| 700 1# - PUNTO DE ACCESO ADICIONAL--NOMBRE DE PERSONA |
| Nombre de persona |
Hernández Román, Laura, |
| Término indicativo de función/relación |
coord. |
| 9 (RLIN) |
76041 |